Score 0/20 Timer 03:00
0 Plays Today
Song Missing Word % Correct
Black or ______White
97.1%
______ in BlackBack
93%
______ in BlackMen
77%
______ It BlackPaint
76%
______ in BlackMan
69.8%
Black ______ WomanMagic
60.9%
Black Hole ______Sun
56.3%
Supermassive Black ______Hole
53.3%
_____ to BlackFade
47.2%
Black ______Sabbath
42.5%
Song Missing Word % Correct
_______ to the Black ParadeWelcome
41.8%
Black ______ and a Cherry TreeHorse
39.5%
Black Chick, White ______Guy
35.9%
Black ______Dog
35.8%
Black and ______Yellow
34.3%
Black ______Velvet
32.8%
Black ______Betty
31.7%
Black ______Balloon
14.5%
Black ______Cat
13.2%
Black ______Jesus
4.1%

Today's Daily Dose

You're not logged in!

Compare scores with friends on all Sporcle quizzes.
OR
Log In

Sporcle TV

Today on Sporcle TV


Watch our educational content, quiz creation guides, and fun videos on Sporcle TV.

Show Comments

Extras

Top Quizzes Today


Score Distribution

Your Account Isn't Verified!

In order to create a playlist on Sporcle, you need to verify the email address you used during registration. Go to your Sporcle Settings to finish the process.

Report this User

Report this user for behavior that violates our Community Guidelines.

Details: